ბათუმის შოთა რუსთაველის სახელმწიფო უნივერსიტეტის ბიბლიოთეკა

Inside Out. Students Book. (ბიბ.ჩანაწერი № 35573)

000 -LEADER
fixed length control field 00494nam a2200217Ia 4500
001 - CONTROL NUMBER
control field 1435
003 - CONTROL NUMBER IDENTIFIER
control field GE_BSU
008 - FIXED-LENGTH DATA ELEMENTS--GENERAL INFORMATION
fixed length control field 181216s||||||||xx |||||||||||||| ||und||
020 ## - INTERNATIONAL STANDARD BOOK NUMBER
International Standard Book Number 9780333923856
040 ## - CATALOGING SOURCE
Transcribing agency GE_BSU
080 ## - UNIVERSAL DECIMAL CLASSIFICATION NUMBER
Universal Decimal Classification number 811.111
100 ## - MAIN ENTRY--PERSONAL NAME
Personal name Kay Sue,. Jones Vaughan,.Philip kerr,.
245 ## - TITLE STATEMENT
Title Inside Out. Students Book.
245 ## - TITLE STATEMENT
Remainder of title Pre-Intermediate.
260 ## - PUBLICATION, DISTRIBUTION, ETC.
Place of publication, distribution, etc. Oxford.
260 ## - PUBLICATION, DISTRIBUTION, ETC.
Date of publication, distribution, etc. 2002.
300 ## - PHYSICAL DESCRIPTION
Extent 143 c.
653 ## - INDEX TERM--UNCONTROLLED
Uncontrolled term Students Book
942 ## - ADDED ENTRY ELEMENTS (KOHA)
Koha item type წიგნი
ეგზემპლარები
Withdrawn status Lost status Damaged status Not for loan Date acquired Barcode Date last seen Price effective from Koha item type
        2018-12-17 2622 2018-12-17 2018-12-17 წიგნი
        2018-12-17 2631 2018-12-17 2018-12-17 წიგნი
        2018-12-17 2630 2018-12-17 2018-12-17 წიგნი
        2018-12-17 2629 2018-12-17 2018-12-17 წიგნი
        2018-12-17 2628 2018-12-17 2018-12-17 წიგნი
        2018-12-17 2627 2018-12-17 2018-12-17 წიგნი
        2018-12-17 2626 2018-12-17 2018-12-17 წიგნი
        2018-12-17 2625 2018-12-17 2018-12-17 წიგნი
        2018-12-17 2624 2018-12-17 2018-12-17 წიგნი
        2018-12-17 2623 2018-12-17 2018-12-17 წიგნი